Princíp fungovania a koncept riadenia skladu - Softwér pre vedenie skladového hospodárstva v obchodnej spoločnosti bakalárska práca

Gespeichert in:
Bibliographische Detailangaben
1. Verfasser: Hoľko, Branislav
Körperschaft: Podnikovohospodárska fakulta EU so sídlom v Košiciach. Katedra obchodného podnikania
Weitere Verfasser: Daneshjo, Naqibullah, 1964-
Format: Buch
Sprache:Slowakisch
Veröffentlicht: Košice 2018
Tags: Tag hinzufügen
Keine Tags, Fügen Sie das erste Tag hinzu!

MARC

LEADER 00000nbm a2200000 4500
001 0247230
005 20181023140118.8
041 0 |a slo 
044 |a SK 
245 1 0 |a Princíp fungovania a koncept riadenia skladu - Softwér pre vedenie skladového hospodárstva v obchodnej spoločnosti  |b bakalárska práca  |c Branislav Hoľko ; školiteľ: Naqibullah Daneshjo 
264 1 |a Košice  |c 2018 
300 |a 56 s. 
100 1 |a Hoľko, Branislav 
700 1 |a Daneshjo, Naqibullah, 1964- 
710 2 |a Podnikovohospodárska fakulta EU so sídlom v Košiciach. Katedra obchodného podnikania